000 00556nam a22001817a 4500
005 20251108170852.0
008 250721s1988 xx 000 0 ara d
082 1 4 _aط/629.892/عال
245 1 0 _aعالم الألكترون /
264 1 _aبيروت :
_bدار المسيرة،
_c1988.
300 _a23ص.
490 0 _aالمستكشف الصغير : تعال نكتشف
650 1 7 _aالهندسة الألكترونية
650 1 7 _aالربوطية
653 _aناشئون صغار (10-14 سنة)
942 _2ddc
_cBK
999 _c50921
_d50921